000 00369nam a2200157Ia 4500
100 _aNitin S.Gokhale
650 _aFinite Element Analysis
942 _cBK
654 _afinite element
245 _aPractical Finite Element Analysis
260 _bFinitie to infinite
_aMumbai
_c2008
082 _a620.0015/NIT
300 _a416
546 _aENGLISH
999 _c33962
_d33962